000 00550cam a2200217 a 4500
001 4348652
005 20180221034036.0
008 890207s1988 ilua 000 0 eng
010 _a 89111763
020 _a0873222229
040 _aDLC
_cDLC
_dDLC
041 _aeng
080 _a615.708
082 0 0 _a615.708 MOT
_220
100 _a5
101 _aSHF
245 0 0 _aDrugs in sport /
_cedited by D.R. Mottram.
906 _a7
_bcbc
_corignew
_d3
_encip
_f19
_gy-gencatlg
942 _2ddc
_cBK
999 _c42983
_d42983